| 000 | 00416nam a22001337a 4500 | ||
|---|---|---|---|
| 020 | _a9787569909395 | ||
| 082 |
_a320.973 _bTOC |
||
| 100 | _aTocqueville, Law | ||
| 245 |
_aOn American Democracy (Top and Bottom) (Chinese Edition) / _cLaw Tocqueville |
||
| 260 |
_aChina : _bBeijing Times Chines Bookstore, _c2016. |
||
| 300 | _aVolume | ||
| 880 |
_6245-02\r _a论美国的民主(上下) / |
||
| 942 |
_2ddc _cBK |
||
| 999 |
_c591750 _d591750 |
||